[Event "Svetla nad Sazavou Mares Memorial"]
[Site "Svetla nad Sazavou"]
[Date "2023.12.29"]
[Round "9"]
[White "Dome, Michal"]
[Black "Kratochvil, Josef"]
[Result "1/2-1/2"]
[WhiteElo "1857"]
[BlackElo "2246"]
[PlyCount "127"]
[EventDate "2023.12.29"]
[EventType "swiss"]
[EventRounds "9"]
[EventCountry "CZE"]
[SourceTitle "CB02_2024"]
[SourceDate "2024.01.10"]
[SourceVersion "1"]
[SourceVersionDate "2024.01.10"]
[SourceQuality "1"]

1. e4 c5 2. Nf3 e6 3. c3 b6 4. d4 Bb7 5. Bd3 d6 6. 0-0 Be7 7. Re1 Qc7 8. Qe2 e5 9. d5 Nd7 10. Ba6 Ngf6 11. a4 0-0 12. Nbd2 Bxa6 13. Qxa6 Nb8 14. Qe2 a6 15. Nf1 Nbd7 16. Ng3 g6 17. Nf1 Rfb8 18. c4 Bf8 19. b3 Bg7 20. Bb2 Nh5 21. g3 Ndf6 22. N3d2 Qd7 23. f3 Bh6 24. Ne3 Ne8 25. Ndf1 Nc7 26. Ng4 Bg7 27. Nf2 b5 28. axb5 axb5 29. Rxa8 Rxa8 30. Ra1 Rxa1 31. Bxa1 bxc4 32. Qxc4 f5 33. Nd2 Bh6 34. Bc3 Nf6 35. b4 cxb4 36. Bxb4 Nb5 37. Kg2 Be3 38. Qc6 Qxc6 39. dxc6 Bxd2 40. Bxd2 Kf7 41. h4 Ke6 42. Ba5 d5 43. exd5+ Nxd5 44. c7 Nbxc7 45. Bxc7 Nxc7 46. Nd3 Kd5 47. Kf2 Ne6 48. Ke2 Kd4 49. Nf2 Nc5 50. g4 f4 51. h5 g5 52. Nh3 h6 53. Nxg5 Na4 54. Nf7 Nc3+ 55. Kf2 e4 56. fxe4 Kxe4 57. Nxh6 Nd1+ 58. Ke2 Nc3+ 59. Kf2 f3 60. Nf5 Kf4 61. h6 Ne4+ 62. Kf1 Nf6 63. Nd4 Kxg4 64. Nxf3 1/2-1/2

[Event "Svetla nad Sazavou Mares Memorial"]
[Site "Svetla nad Sazavou"]
[Date "2023.12.29"]
[Round "4"]
[White "Kratochvil, Josef"]
[Black "Jun, Rudolf Jr"]
[Result "1-0"]
[WhiteElo "2246"]
[BlackElo "2099"]
[PlyCount "95"]
[EventDate "2023.12.29"]
[EventType "swiss"]
[EventRounds "9"]
[EventCountry "CZE"]
[SourceTitle "CB02_2024"]
[SourceDate "2024.01.10"]
[SourceVersion "1"]
[SourceVersionDate "2024.01.10"]
[SourceQuality "1"]

1. e4 c5 2. Nf3 Nc6 3. Nc3 Nf6 4. Bb5 g6 5. e5 Ng4 6. Bxc6 dxc6 7. h3 Nh6 8. d3 Nf5 9. Ne4 b6 10. c3 Bg7 11. g4 Nh6 12. Bf4 Ng8 13. Qe2 Be6 14. Nfg5 Qd7 15. a4 a5 16. 0-0 h6 17. Nxe6 Qxe6 18. Nd2 f5 19. Nc4 Rb8 20. Rfe1 g5 21. gxf5 Qxf5 22. Qh5+ Kd8 23. Bg3 Qe6 24. Rad1 Kc7 25. b3 Rd8 26. d4 cxd4 27. cxd4 Kb7 28. Re3 Rh7 29. Red3 Bh8 30. Ne3 Qf7 31. Qe2 e6 32. Nc4 Qd7 33. Nd6+ Ka7 34. Qe4 Rg7 35. Rc3 Ne7 36. Rdc1 Rgg8 37. Rc4 h5 38. f3 g4 39. hxg4 hxg4 40. f4 Rg7 41. b4 Nf5 42. Nxf5 exf5 43. Qc2 axb4 44. Rxc6 Qxd4+ 45. Bf2 Qd7 46. Bxb6+ Kb7 47. Rd6 Qxa4 48. Qxa4 1-0

[Event "Svetla nad Sazavou Mares Memorial"]
[Site "Svetla nad Sazavou"]
[Date "2023.12.29"]
[Round "6"]
[White "Kratochvil, Josef"]
[Black "Neuman, Petr"]
[Result "0-1"]
[WhiteElo "2246"]
[BlackElo "2443"]
[PlyCount "82"]
[EventDate "2023.12.29"]
[EventType "swiss"]
[EventRounds "9"]
[EventCountry "CZE"]
[SourceTitle "CB02_2024"]
[SourceDate "2024.01.10"]
[SourceVersion "1"]
[SourceVersionDate "2024.01.10"]
[SourceQuality "1"]

1. e4 d6 2. d4 Nf6 3. Nc3 e5 4. Nf3 Nbd7 5. Bc4 Be7 6. 0-0 0-0 7. Re1 c6 8. a4 b6 9. b3 a6 10. Bf1 Rb8 11. h3 b5 12. axb5 axb5 13. Bb2 Qc7 14. Nh4 g6 15. Nf3 Re8 16. Qd2 Bf8 17. Bd3 Bg7 18. dxe5 dxe5 19. Nd1 Nc5 20. Qc3 Nxd3 21. cxd3 Nd7 22. Rc1 Bb7 23. b4 Qd6 24. Ne3 Nb6 25. Qb3 Na4 26. Ba1 Qe6 27. Qb1 Rbd8 28. Red1 h6 29. g4 Rd7 30. Nd2 Bf8 31. Nf3 Bg7 32. Nd2 Red8 33. Nb3 Bf8 34. Na5 Ba8 35. f3 f6 36. Kg2 Kh7 37. Nc2 Rxd3 38. Ne3 Rxd1 39. Rxd1 Rxd1 40. Nxd1 Qd6 41. Nc3 Qd2+ 0-1

[Event "CZE-chT1W 2223"]
[Site "Czech Republic"]
[Date "2023.04.02"]
[Round "11.2"]
[White "Vlasak, Lukas"]
[Black "Kratochvil, Josef"]
[Result "1-0"]
[WhiteElo "2445"]
[BlackElo "2181"]
[PlyCount "67"]
[EventDate "2022.10.09"]
[EventType "team-tourn"]
[EventRounds "11"]
[EventCountry "CZE"]
[SourceTitle "EXT 2024"]
[Source "ChessBase"]
[SourceDate "2023.10.10"]
[SourceVersion "1"]
[SourceVersionDate "2023.10.10"]
[SourceQuality "1"]
[WhiteTeam "Ricany Betsys"]
[BlackTeam "Gordic"]
[WhiteTeamCountry "CZE"]
[BlackTeamCountry "CZE"]

1. d4 Nf6 2. Nf3 c5 3. d5 e6 4. Nc3 b5 5. dxe6 fxe6 6. Nxb5 d5 7. e4 a6 8. Nc3 d4 9. e5 dxc3 10. Qxd8+ Kxd8 11. exf6 gxf6 12. bxc3 Bd6 13. Nd2 Nd7 14. Nc4 Bc7 15. Be3 Bb7 16. f3 Rg8 17. Kf2 Ke7 18. Bd3 Bd5 19. Nd2 f5 20. c4 f4 21. cxd5 fxe3+ 22. Kxe3 Rxg2 23. Rag1 Rag8 24. Rxg2 Rxg2 25. dxe6 Nf6 26. Bc4 Bxh2 27. Rb1 Bc7 28. Rb7 Kd6 29. Ra7 h5 30. Rxa6+ Ke7 31. Ra7 Kd6 32. e7 Ne8 33. Bb5 Rg8 34. Ne4+ 1-0

[Event "CZE-chT2F 2223"]
[Site "Czech Republic"]
[Date "2023.02.19"]
[Round "9"]
[White "Kratochvil, Josef"]
[Black "Pala, Vladimir"]
[Result "1-0"]
[WhiteElo "2217"]
[BlackElo "2176"]
[PlyCount "70"]
[EventDate "2022.10.16"]
[EventType "team-tourn"]
[EventRounds "11"]
[EventCountry "CZE"]
[SourceTitle "EXT 2024"]
[Source "ChessBase"]
[SourceDate "2023.10.10"]
[SourceVersion "1"]
[SourceVersionDate "2023.10.10"]
[SourceQuality "1"]
[WhiteTeam "Zlin"]
[BlackTeam "Hostalkova II"]
[WhiteTeamCountry "CZE"]
[BlackTeamCountry "CZE"]

1. c4 c5 2. Nc3 Nc6 3. g3 g6 4. Bg2 Bg7 5. d3 d6 6. Nf3 a6 7. 0-0 Rb8 8. a4 Nf6 9. Bd2 0-0 10. Nd5 Nxd5 11. cxd5 Nd4 12. Ne1 e6 13. e3 Nf5 14. dxe6 Bxe6 15. Bc3 d5 16. Bxg7 Kxg7 17. Nc2 Qb6 18. b4 cxb4 19. a5 Qb5 20. Qd2 b6 21. Nxb4 bxa5 22. Nxd5 a4 23. Qc3+ f6 24. Nc7 Qb6 25. Nxe6+ Qxe6 26. Rxa4 Rfc8 27. Qa1 Rb6 28. d4 Rc2 29. d5 Qd6 30. Be4 Rc5 31. Rb1 Rxb1+ 32. Qxb1 Ne7 33. Qb7 a5 34. Bf3 f5 35. e4 Kf6 1-0

[Event "CZE-chT1W 2223"]
[Site "Czech Republic"]
[Date "2023.01.29"]
[Round "7.2"]
[White "Kratochvil, Josef"]
[Black "Konopka, Michal"]
[Result "1/2-1/2"]
[WhiteElo "2181"]
[BlackElo "2354"]
[PlyCount "52"]
[EventDate "2022.10.09"]
[EventType "team-tourn"]
[EventRounds "11"]
[EventCountry "CZE"]
[SourceTitle "CBM 213 Extra"]
[Source "ChessBase"]
[SourceDate "2023.05.31"]
[SourceVersion "1"]
[SourceVersionDate "2023.05.31"]
[SourceQuality "1"]
[WhiteTeam "Gordic"]
[BlackTeam "Praha DP EA Hotels II"]
[WhiteTeamCountry "CZE"]
[BlackTeamCountry "CZE"]

1. e4 Nf6 2. e5 Nd5 3. d4 d6 4. c4 Nb6 5. exd6 cxd6 6. Nc3 g6 7. Be3 Bg7 8. Rc1 0-0 9. b3 e5 10. dxe5 dxe5 11. Qxd8 Rxd8 12. c5 N6d7 13. Bc4 Nc6 14. Nf3 h6 15. 0-0 Nf8 16. Ne4 Be6 17. Nd6 Bxc4 18. Rxc4 Rd7 19. b4 a6 20. a4 Ne6 21. b5 Na5 22. Rc2 b6 23. Ne4 bxc5 24. Nxc5 Nxc5 25. Rxc5 axb5 26. axb5 Nb3 1/2-1/2

[Event "CZE-chT1E 2122"]
[Site "Czech Republic"]
[Date "2022.03.26"]
[Round "10.3"]
[White "Danada, Tomas"]
[Black "Kratochvil, Josef"]
[Result "0-1"]
[WhiteElo "2266"]
[BlackElo "2214"]
[PlyCount "57"]
[EventDate "2021.10.09"]
[EventType "team-tourn"]
[EventRounds "11"]
[EventCountry "CZE"]
[SourceTitle "EXT 2023"]
[Source "ChessBase"]
[SourceDate "2022.10.05"]
[SourceVersion "1"]
[SourceVersionDate "2022.10.05"]
[SourceQuality "1"]
[WhiteTeam "Vlcnov"]
[BlackTeam "Gordic"]
[WhiteTeamCountry "CZE"]
[BlackTeamCountry "CZE"]

1. d4 d5 2. c4 c6 3. Nf3 Nf6 4. e3 e6 5. Nbd2 Nbd7 6. Bd3 dxc4 7. Nxc4 Be7 8. 0-0 0-0 9. Qe2 c5 10. Rd1 b5 11. Nce5 c4 12. Bc2 Bb7 13. e4 Nxe5 14. dxe5 Nd7 15. a4 a6 16. axb5 axb5 17. Rxa8 Bxa8 18. Qd2 Nc5 19. Qf4 Qc7 20. Nd4 Rd8 21. Be3 b4 22. Ra1 b3 23. Bb1 Qb8 24. h4 c3 25. bxc3 b2 26. Ra5 Bxe4 27. Rxc5 Bxb1 28. Nc6 Bxc5 29. Bxc5 0-1

[Event "CZE-ch Amateur"]
[Site "Luhacovice"]
[Date "2022.03.19"]
[Round "9"]
[White "Kratochvil, Josef"]
[Black "Tresnak, Filip"]
[Result "1/2-1/2"]
[WhiteElo "2200"]
[BlackElo "1931"]
[PlyCount "20"]
[EventDate "2022.03.12"]
[EventType "swiss"]
[EventRounds "9"]
[EventCountry "CZE"]
[SourceTitle "EXT 2023"]
[Source "ChessBase"]
[SourceDate "2022.10.05"]
[SourceVersion "1"]
[SourceVersionDate "2022.10.05"]
[SourceQuality "1"]

1. e4 c6 2. c4 d5 3. exd5 cxd5 4. cxd5 Nf6 5. Qa4+ Nbd7 6. Nc3 g6 7. Bc4 Bg7 8. Nf3 0-0 9. d3 a6 10. Qa3 Nb6 1/2-1/2

[Event "CZE-ch Amateur"]
[Site "Luhacovice"]
[Date "2022.03.16"]
[Round "6"]
[White "Kratochvil, Josef"]
[Black "Cupek, Martin"]
[Result "1-0"]
[WhiteElo "2200"]
[BlackElo "2108"]
[PlyCount "91"]
[EventDate "2022.03.12"]
[EventType "swiss"]
[EventRounds "9"]
[EventCountry "CZE"]
[SourceTitle "EXT 2023"]
[Source "ChessBase"]
[SourceDate "2022.10.05"]
[SourceVersion "1"]
[SourceVersionDate "2022.10.05"]
[SourceQuality "1"]

1. e4 d6 2. d4 Nd7 3. Nc3 e5 4. Nf3 g6 5. Bc4 c6 6. a4 f6 7. 0-0 a5 8. Be3 Nh6 9. h3 Qe7 10. Nh2 Nf7 11. f4 exd4 12. Qxd4 Nc5 13. e5 d5 14. Bxd5 f5 15. Rad1 Be6 16. Bxe6 Nxe6 17. Qc4 Bh6 18. Nf3 0-0 19. Nd4 Nxd4 20. Rxd4 Kh8 21. Re1 Rfe8 22. Rd3 Kg8 23. Bc5 Qe6 24. Qxe6 Rxe6 25. g3 Bf8 26. Bxf8 Kxf8 27. Red1 Ke8 28. Ne2 Rd8 29. Nd4 Re7 30. Nb3 b6 31. Nd4 Rc8 32. Kf2 Nd8 33. Rb3 Rb7 34. g4 fxg4 35. hxg4 b5 36. Ke3 bxa4 37. Rxb7 Nxb7 38. f5 gxf5 39. gxf5 Nc5 40. Kf4 Rd8 41. c3 Rd5 42. e6 Nb3 43. Rh1 c5 44. Nf3 Nd2 45. Ne5 c4 46. Rxh7 1-0

[Event "CZE-ch Amateur"]
[Site "Luhacovice"]
[Date "2022.03.13"]
[Round "2"]
[White "Kratochvil, Josef"]
[Black "Petras, Milan"]
[Result "1-0"]
[WhiteElo "2200"]
[BlackElo "1848"]
[PlyCount "51"]
[EventDate "2022.03.12"]
[EventType "swiss"]
[EventRounds "9"]
[EventCountry "CZE"]
[SourceTitle "EXT 2023"]
[Source "ChessBase"]
[SourceDate "2022.10.05"]
[SourceVersion "1"]
[SourceVersionDate "2022.10.05"]
[SourceQuality "1"]

1. e4 e6 2. d3 d5 3. Nd2 c5 4. Ngf3 Nc6 5. g3 Nf6 6. Bg2 dxe4 7. dxe4 e5 8. 0-0 Be7 9. c3 0-0 10. Qe2 Rb8 11. Nc4 Qc7 12. Ncxe5 b5 13. Nxc6 Qxc6 14. Bf4 Rb6 15. Rfe1 Bb7 16. Rad1 Re8 17. Nh4 Qe6 18. Nf5 Bf8 19. f3 b4 20. c4 b3 21. a3 h6 22. Bd2 Nd7 23. Ba5 Ra6 24. Bc3 Nb6 25. Ne3 Na4 26. Rd3 1-0

[Event "CZE-chT1E 2122"]
[Site "Czech Republic"]
[Date "2022.02.20"]
[Round "9.3"]
[White "Kratochvil, Josef"]
[Black "Obsivac, Josef"]
[Result "1/2-1/2"]
[WhiteElo "2200"]
[BlackElo "2248"]
[PlyCount "40"]
[EventDate "2021.10.09"]
[EventType "team-tourn"]
[EventRounds "11"]
[EventCountry "CZE"]
[SourceTitle "EXT 2023"]
[Source "ChessBase"]
[SourceDate "2022.10.05"]
[SourceVersion "1"]
[SourceVersionDate "2022.10.05"]
[SourceQuality "1"]
[WhiteTeam "Gordic"]
[BlackTeam "Grygov Proclient"]
[WhiteTeamCountry "CZE"]
[BlackTeamCountry "CZE"]

1. e4 c5 2. Nf3 Nc6 3. Nc3 e6 4. d4 cxd4 5. Nxd4 Qc7 6. Be3 a6 7. Be2 Nf6 8. f4 d6 9. 0-0 Be7 10. Qe1 0-0 11. Qg3 Nxd4 12. Bxd4 b5 13. e5 dxe5 14. fxe5 Bc5 15. Bxc5 Qxc5+ 16. Kh1 Nd7 17. Bf3 Ra7 18. Rae1 b4 19. Nd1 Bb7 20. Bxb7 Rxb7 1/2-1/2

[Event "CZE-chT1E 2122"]
[Site "Czech Republic"]
[Date "2021.10.09"]
[Round "1.5"]
[White "Richterova, Natasa"]
[Black "Kratochvil, Josef"]
[Result "1-0"]
[WhiteElo "2176"]
[BlackElo "2214"]
[PlyCount "69"]
[EventDate "2021.10.09"]
[EventType "team-tourn"]
[EventRounds "11"]
[EventCountry "CZE"]
[SourceTitle "EXT 2023"]
[Source "ChessBase"]
[SourceDate "2022.10.05"]
[SourceVersion "1"]
[SourceVersionDate "2022.10.05"]
[SourceQuality "1"]
[WhiteTeam "Hostalkova"]
[BlackTeam "Gordic"]
[WhiteTeamCountry "CZE"]
[BlackTeamCountry "CZE"]

1. d4 Nf6 2. c4 c5 3. d5 e6 4. Nc3 exd5 5. cxd5 d6 6. e4 g6 7. Nf3 a6 8. a4 Bg4 9. Be2 Bxf3 10. Bxf3 Nbd7 11. 0-0 Bg7 12. Be2 0-0 13. Bg5 Re8 14. Qc2 h6 15. Be3 Qe7 16. f3 Nh5 17. Qd2 Kh7 18. g4 Nhf6 19. Rf2 Ne5 20. Raf1 c4 21. Rg2 Rac8 22. g5 hxg5 23. Bxg5 Qd7 24. f4 Nd3 25. f5 Nxe4 26. Nxe4 Bd4+ 27. Be3 Rxe4 28. Bxd4 Rxd4 29. Qe3 Rh4 30. fxg6+ fxg6 31. Qg5 Rh6 32. Bg4 Qd8 33. Rf7+ Kg8 34. Qxh6 Kxf7 35. Be6+ 1-0

[Event "Liberec Desko op"]
[Site "Liberec"]
[Date "2021.07.20"]
[Round "5"]
[White "Kratochvil, Josef"]
[Black "Matthaei, Jakob"]
[Result "1-0"]
[WhiteElo "2212"]
[BlackElo "1927"]
[PlyCount "75"]
[EventDate "2021.07.17"]
[EventType "swiss"]
[EventRounds "9"]
[EventCountry "CZE"]
[SourceTitle "CBM 203 Extra"]
[Source "ChessBase"]
[SourceDate "2021.09.30"]
[SourceVersion "1"]
[SourceVersionDate "2021.09.30"]
[SourceQuality "1"]

1. e4 e5 2. Nf3 Nc6 3. Bb5 Nf6 4. Qe2 Bc5 5. c3 d6 6. d4 exd4 7. cxd4 Bb4+ 8. Nc3 0-0 9. Bxc6 bxc6 10. Bg5 Qe7 11. e5 dxe5 12. dxe5 Qc5 13. 0-0 Bxc3 14. exf6 Bxf6 15. Bxf6 gxf6 16. Rac1 Qb5 17. Qd2 Be6 18. Nd4 Qd5 19. Rc3 Kh8 20. Qf4 f5 21. Re1 Rg8 22. Rg3 Rxg3 23. hxg3 Rd8 24. Nxe6 fxe6 25. Qxc7 Kg8 26. Qxa7 Qd2 27. Qe3 Qxe3 28. Rxe3 Rd1+ 29. Kh2 Rd2 30. Rb3 Rxf2 31. a4 Rd2 32. a5 Rd7 33. Rb6 c5 34. Rxe6 Ra7 35. a6 Kf7 36. Rh6 Kg7 37. Rb6 Kf8 38. Rb8+ 1-0

[Event "CZE-ch Betsys Online Blitz"]
[Site "Chess.com INT"]
[Date "2021.04.17"]
[Round "10"]
[White "Frank, Adam"]
[Black "Kratochvil, Josef"]
[Result "1-0"]
[WhiteElo "2238"]
[BlackElo "2212"]
[PlyCount "65"]
[EventDate "2021.04.17"]
[EventType "swiss (blitz)"]
[EventRounds "13"]
[EventCountry "CZE"]
[SourceTitle "CBM 201 Extra"]
[Source "ChessBase"]
[SourceDate "2021.05.31"]
[SourceVersion "1"]
[SourceVersionDate "2021.05.31"]
[SourceQuality "1"]

1. e4 c5 2. Nf3 e6 3. d4 cxd4 4. Nxd4 a6 5. Nc3 b5 6. Bd3 Bb7 7. 0-0 Qb6 8. Be3 Bc5 9. Nce2 Nc6 10. c3 Nf6 11. b4 Bxd4 12. Nxd4 Qc7 13. Re1 0-0 14. Rc1 Ne5 15. Bf4 d6 16. Bb1 Rfd8 17. Bg3 Rac8 18. h3 Qb6 19. a4 Ng6 20. axb5 axb5 21. Qe2 e5 22. Nf5 Rc7 23. Red1 Ne7 24. Bxe5 Nxf5 25. Bxf6 gxf6 26. exf5 Rc4 27. Bd3 Rf4 28. Rc2 Kh8 29. Qe7 Rg8 30. Qxf6+ Rg7 31. Bf1 Qc6 32. Rxd6 Qe4 33. Rd8+ 1-0

[Event "CZE-ch Betsys Online Blitz"]
[Site "Chess.com INT"]
[Date "2021.04.17"]
[Round "8"]
[White "Kratochvil, Josef"]
[Black "Pisk, Petr"]
[Result "1/2-1/2"]
[WhiteElo "2212"]
[BlackElo "2331"]
[PlyCount "64"]
[EventDate "2021.04.17"]
[EventType "swiss (blitz)"]
[EventRounds "13"]
[EventCountry "CZE"]
[SourceTitle "CBM 201 Extra"]
[Source "ChessBase"]
[SourceDate "2021.05.31"]
[SourceVersion "1"]
[SourceVersionDate "2021.05.31"]
[SourceQuality "1"]

1. c4 e6 2. Nc3 d5 3. d4 c5 4. cxd5 cxd4 5. Qxd4 Nc6 6. Qd1 exd5 7. Nf3 Nf6 8. Bg5 d4 9. Nb1 h6 10. Bxf6 Qxf6 11. Nbd2 Bf5 12. g3 Bc5 13. Bg2 0-0 14. 0-0 Bb6 15. Nc4 Rfe8 16. Re1 Rad8 17. Rc1 Bc5 18. a3 a6 19. b4 Ba7 20. Qb3 b5 21. Nb2 Ne5 22. Nxe5 Qxe5 23. Nd3 Bxd3 24. Qxd3 Re6 25. Bf3 Rde8 26. Kg2 g6 27. Rc2 h5 28. Rec1 Bb6 29. Rc8 h4 30. Rxe8+ Rxe8 31. Rc6 Re6 32. Rxe6 Qxe6 1/2-1/2

[Event "CZE-ch Betsys Online Blitz"]
[Site "Chess.com INT"]
[Date "2021.04.17"]
[Round "4"]
[White "Kratochvil, Josef"]
[Black "Rousek, Jan"]
[Result "1-0"]
[WhiteElo "2212"]
[BlackElo "1697"]
[PlyCount "83"]
[EventDate "2021.04.17"]
[EventType "swiss (blitz)"]
[EventRounds "13"]
[EventCountry "CZE"]
[SourceTitle "CBM 201 Extra"]
[Source "ChessBase"]
[SourceDate "2021.05.31"]
[SourceVersion "1"]
[SourceVersionDate "2021.05.31"]
[SourceQuality "1"]

1. e4 c5 2. Nf3 e6 3. d3 Nc6 4. g3 Nf6 5. Bg2 Be7 6. 0-0 0-0 7. c3 d5 8. e5 Nd7 9. Re1 f6 10. d4 cxd4 11. cxd4 fxe5 12. dxe5 Qc7 13. Bf4 Nb6 14. Nc3 Bb4 15. Rc1 d4 16. Nxd4 Rd8 17. Ndb5 Rxd1 18. Nxc7 Rxe1+ 19. Rxe1 Rb8 20. Rd1 Na8 21. N7b5 a6 22. Nd6 Bxd6 23. exd6 Bd7 24. Ne4 b6 25. a3 Rc8 26. Be3 b5 27. Nc5 Nb6 28. Nxa6 Nc4 29. Nc5 Nb8 30. Nxd7 Nxd7 31. Bd4 e5 32. Bc3 Kf8 33. Rd5 Rb8 34. Bh3 Ke8 35. Kg2 e4 36. Rd4 e3 37. Re4+ Kf7 38. Bxd7 Rd8 39. Be6+ Kf8 40. d7 Nd6 41. Rf4+ Ke7 42. Bh3 1-0

[Event "CZE-ch Betsys Online Blitz"]
[Site "Chess.com INT"]
[Date "2021.04.17"]
[Round "9"]
[White "Kratochvil, Josef"]
[Black "Sokolov, Alexander"]
[Result "1-0"]
[WhiteElo "2212"]
[BlackElo "2354"]
[PlyCount "69"]
[EventDate "2021.04.17"]
[EventType "swiss (blitz)"]
[EventRounds "13"]
[EventCountry "CZE"]
[SourceTitle "CBM 201 Extra"]
[Source "ChessBase"]
[SourceDate "2021.05.31"]
[SourceVersion "1"]
[SourceVersionDate "2021.05.31"]
[SourceQuality "1"]

1. e4 c5 2. Nf3 d6 3. d4 cxd4 4. Nxd4 Nf6 5. Nc3 g6 6. g3 Nc6 7. Nde2 Bd7 8. Bg2 Qc8 9. h3 Bg7 10. Nd5 Nxd5 11. exd5 Ne5 12. a4 Nc4 13. Ra2 0-0 14. b3 Na5 15. c4 b6 16. Nf4 a6 17. 0-0 b5 18. cxb5 axb5 19. b4 Nc4 20. a5 Re8 21. Kh2 Qc7 22. Re1 Bf5 23. g4 Bd7 24. Rae2 Ne5 25. Nd3 Nxd3 26. Qxd3 Kf8 27. Bd2 Rac8 28. Rc1 Qb7 29. Ree1 Be5+ 30. f4 Bf6 31. Bc3 Bxc3 32. Rxc3 Rxc3 33. Qxc3 f6 34. Qe3 Kf7 35. Kg3 1-0

[Event "CZE-ch Betsys Online Blitz"]
[Site "Chess.com INT"]
[Date "2021.04.17"]
[Round "13"]
[White "Pilch, Roman"]
[Black "Kratochvil, Josef"]
[Result "1/2-1/2"]
[WhiteElo "2131"]
[BlackElo "2212"]
[PlyCount "139"]
[EventDate "2021.04.17"]
[EventType "swiss (blitz)"]
[EventRounds "13"]
[EventCountry "CZE"]
[SourceTitle "CBM 201 Extra"]
[Source "ChessBase"]
[SourceDate "2021.05.31"]
[SourceVersion "1"]
[SourceVersionDate "2021.05.31"]
[SourceQuality "1"]

1. Nf3 c5 2. c4 Nc6 3. Nc3 g6 4. e3 Bg7 5. d4 d6 6. dxc5 dxc5 7. Qxd8+ Nxd8 8. Bd2 Nf6 9. 0-0-0 0-0 10. h3 Nc6 11. Be2 h6 12. Kb1 Bf5+ 13. Ka1 Rfd8 14. Bc1 Ne4 15. Nxe4 Bxe4 16. Rxd8+ Rxd8 17. Rd1 Rxd1 18. Bxd1 Bd3 19. Bb3 Bf1 20. Ne1 Na5 21. h4 Nxc4 22. g3 Nd6 23. Bc2 e6 24. Nd3 b6 25. Nf4 Kf8 26. Bd2 Ke7 27. Kb1 g5 28. hxg5 hxg5 29. Nd3 Ne4 30. Be1 f5 31. Nc1 Nd6 32. Nb3 a5 33. Nd2 g4 34. Nxf1 Nc4 35. Bc3 Bxc3 36. bxc3 Kf6 37. Bd3 Ne5 38. Be2 Ke7 39. a4 Kd6 40. Nd2 Kd5 41. Kc2 c4 42. Nb1 Kc5 43. Na3 Kd5 44. Nb5 Kc5 45. Nd4 Kd5 46. Kd2 Nd7 47. f3 gxf3 48. Bxf3+ Ke5 49. Nc6+ Kd6 50. Nd4 Nc5 51. Nb5+ Ke5 52. Nd4 Nxa4 53. Nc6+ Kd6 54. Nd4 Nc5 55. e4 fxe4 56. Be2 Kd5 57. g4 a4 58. Kc2 Nb3 59. Kb2 Nxd4 60. cxd4 Kxd4 61. g5 Ke5 62. Bxc4 Kf5 63. g6 Kxg6 64. Bxe6 e3 65. Bc4 Kf5 66. Ka3 Ke4 67. Kxa4 Kf3 68. Kb5 e2 69. Bxe2+ Kxe2 70. Kxb6 1/2-1/2

[Event "CZE-ch Betsys Online Blitz"]
[Site "Chess.com INT"]
[Date "2021.04.17"]
[Round "7"]
[White "Szotkowski, Jakub"]
[Black "Kratochvil, Josef"]
[Result "1/2-1/2"]
[WhiteElo "2366"]
[BlackElo "2212"]
[PlyCount "99"]
[EventDate "2021.04.17"]
[EventType "swiss (blitz)"]
[EventRounds "13"]
[EventCountry "CZE"]
[SourceTitle "CBM 201 Extra"]
[Source "ChessBase"]
[SourceDate "2021.05.31"]
[SourceVersion "1"]
[SourceVersionDate "2021.05.31"]
[SourceQuality "1"]

1. d4 Nf6 2. Nf3 c5 3. d5 e6 4. c4 exd5 5. cxd5 d6 6. Nc3 g6 7. g3 Bg7 8. Bg2 0-0 9. 0-0 Re8 10. Bf4 a6 11. a4 Ne4 12. Nxe4 Rxe4 13. Nd2 Rb4 14. Ra2 Qe7 15. e4 Nd7 16. Qc2 Ne5 17. b3 Bd7 18. Nc4 Nxc4 19. bxc4 Be5 20. Bd2 a5 21. Bxb4 cxb4 22. Qd3 Rc8 23. f4 Bc3 24. f5 Qe5 25. Kh1 Re8 26. f6 b3 27. Raf2 h6 28. Rf3 Bd4 29. Qxb3 Qxe4 30. Qxb7 Bxa4 31. Qa6 Bc5 32. Qxa5 Qxc4 33. Re1 Rxe1+ 34. Qxe1 Qxd5 35. Rf4 Qc6 36. Qc1 Kh7 37. Rh4 h5 38. Rc4 Qa6 39. h4 Bc6 40. Bxc6 Qxc6+ 41. Kh2 Qf3 42. Qc2 Qf1 43. Rxc5 dxc5 44. Qxc5 Qxf6 45. Kg2 Qf5 46. Qe7 Qc2+ 47. Kh3 Qf5+ 48. Kg2 Qc2+ 49. Kh3 Qf5+ 50. Kg2 1/2-1/2

[Event "Vsetin op 45th"]
[Site "Vsetin"]
[Date "2020.07.09"]
[Round "8"]
[White "Trybus, Daniel"]
[Black "Kratochvil, Josef"]
[Result "1/2-1/2"]
[WhiteElo "1950"]
[BlackElo "2275"]
[PlyCount "28"]
[EventDate "2020.07.04"]
[EventType "swiss"]
[EventRounds "9"]
[EventCountry "CZE"]
[SourceTitle "CBM 197 Extra"]
[Source "ChessBase"]
[SourceDate "2020.09.30"]
[SourceVersion "1"]
[SourceVersionDate "2020.09.30"]
[SourceQuality "1"]

1. e4 c5 2. Nf3 d6 3. d4 cxd4 4. Nxd4 Nf6 5. Nc3 g6 6. Be3 Bg7 7. f3 a6 8. Qd2 Nbd7 9. Bh6 Bxh6 10. Qxh6 b5 11. h4 Bb7 12. 0-0-0 Rc8 13. h5 gxh5 14. Rxh5 Qa5 1/2-1/2

[Event "Vsetin op 45th"]
[Site "Vsetin"]
[Date "2020.07.07"]
[Round "5"]
[White "Krawczyk, Flawian"]
[Black "Kratochvil, Josef"]
[Result "1-0"]
[WhiteElo "2035"]
[BlackElo "2275"]
[PlyCount "71"]
[EventDate "2020.07.04"]
[EventType "swiss"]
[EventRounds "9"]
[EventCountry "CZE"]
[SourceTitle "CBM 197 Extra"]
[Source "ChessBase"]
[SourceDate "2020.09.30"]
[SourceVersion "1"]
[SourceVersionDate "2020.09.30"]
[SourceQuality "1"]

1. e4 c5 2. Nf3 e6 3. d4 cxd4 4. Nxd4 a6 5. c4 Nf6 6. Nc3 Qc7 7. Be3 b6 8. Be2 Bb7 9. f3 Be7 10. 0-0 0-0 11. Qd2 d6 12. Rfc1 Nbd7 13. a4 Rfd8 14. a5 bxa5 15. Nb3 Rab8 16. Nxa5 Ba8 17. Nd5 exd5 18. cxd5 Nc5 19. b4 Nfd7 20. bxc5 Nxc5 21. Bxa6 Bf6 22. Ra2 Rb6 23. Bf1 Rdb8 24. e5 Bxe5 25. Nc4 Bf6 26. Nxb6 Qxb6 27. Ra5 Nb3 28. Bxb6 Nxd2 29. Be3 Nxf1 30. Kxf1 Bb7 31. Kf2 Bc8 32. Rb5 Ra8 33. Rcb1 Ra2+ 34. Kg1 h5 35. Rb8 Rc2 36. Rc1 1-0